00885nam a22002534a 450000500170000000800410001701000140005802000260007202000230009803500130012103700150013404000180014908200120016710000200017924501340019926000510033327000440038430000420042850000510047065000170052165000350053865000290057365000290060220040707122103.0000731s2001 nyua b 001 0 eng  aENG-92208 a9780070139794c650.00 a0070139792c650.00 aEN-75741 bDBAD / PUB adplbEnglish  a332.645 aFarley, Alan S. aThe master swing trader :btools and techniques to profit form outstanding short-term trading opportunities /cby Alan S. Farley. aNew Delhi bTata McGraw-Hill Publishing c2008 a7 West Patel Nagar,bNew Delhi e110008 axxvii, 443 p. :bill. ;c25 cm (pbk)  aIncludes bibliographical references and index. aSpeculation. aStocksvCharts, diagrams, etc. aStock price forecasting. aDay trading (Securities)